Památky Těšínského knížectví /

Další autoři: Mezihoráková, Klára, 1975-
Jazyk: Polština
Čeština
Vydáno: Praha : Artefactum, 2016
Vydání: 1. vydání
Témata:
Fyzický popis: 260 stran : ilustrace (převážně barevné), mapy, portréty, plány, faksimile ; 24 cm
Language note: Částečně polský text, anglická resumé
Knihy
Uloženo v:
LEADER 02263nam a2200625 i 4500
001 nkc20172893010
003 CZ PrNK
005 20170517125617.0
007 ta
008 170412s2016 xr abcee 001 0 cze
015 |a cnb002893010 
020 |a 978-80-86890-93-7  |q (brožováno) 
035 |a (OCoLC)989947341 
040 |a BOA001  |b cze  |e rda 
041 0 |a cze  |a pol  |b eng 
043 |a e-xr---  |b e-xr-mo  |a e-pl---  |2 czenas 
045 |a q-x- 
072 7 |a 72/76  |x Výtvarné umění  |2 Konspekt  |9 21 
080 |a 72/76  |2 MRF 
080 |a 72/76:904  |2 MRF 
080 |a (437.326)  |2 MRF 
080 |a (438)  |2 MRF 
080 |a (048.8)  |2 MRF 
080 |a (082)  |2 MRF 
245 0 0 |a Památky Těšínského knížectví /  |c Klára Mezihoráková (ed.) 
250 |a 1. vydání 
264 1 |a Praha :  |b Artefactum,  |c 2016 
300 |a 260 stran :  |b ilustrace (převážně barevné), mapy, portréty, plány, faksimile ;  |c 24 cm 
336 |a text  |b txt  |2 rdacontent 
337 |a bez média  |b n  |2 rdamedia 
338 |a svazek  |b nc  |2 rdacarrier 
500 |a 300 výtisků 
504 |a Obsahuje bibliografické odkazy a rejstříky 
546 |a Částečně polský text, anglická resumé 
648 7 |a 13.-20. století  |7 ch757060  |2 czenas 
650 0 7 |a výtvarné umění  |7 ph116708  |z Česko  |y 13.-20. století  |2 czenas 
650 0 7 |a výtvarné umění  |7 ph116708  |z Polsko  |y 13.-20. století  |2 czenas 
650 0 7 |a umělecké památky  |7 ph126896  |z Česko  |2 czenas 
650 0 7 |a umělecké památky  |7 ph126896  |z Polsko  |2 czenas 
650 0 9 |a art  |z Czechia  |y 13th-20th centuries  |2 eczenas 
650 0 9 |a art  |z Poland  |y 13th-20th centuries  |2 eczenas 
650 0 9 |a artistic monuments  |z Czechia  |2 eczenas 
650 0 9 |a artistic monuments  |z Poland  |2 eczenas 
651 7 |a Těšínské Slezsko  |7 ge128598  |2 czenas 
651 9 |a Cieszyn Silesia  |2 eczenas 
655 7 |a studie  |7 fd133597  |2 czenas 
655 7 |a sborníky  |7 fd163935  |2 czenas 
655 9 |a studies  |2 eczenas 
655 9 |a miscellanea  |2 eczenas 
700 1 |a Mezihoráková, Klára,  |d 1975-  |7 jo2013748575  |4 edt 
910 2 |a BOA001  |b 2-1387.163 
990 |a BK 
995 |a 01 
991 |b 201704  |c NOV 
996 6 |b 2610704806  |c 2-1387.163  |l MZK  |r Sklad / do 1 hodiny  |n 5  |p p.v.  |w 001607603  |u 000010  |a 1  |e BOA001  |j MZK50  |s P